Le supply chain management existe-t-il réellement ? (notice n° 1668128)
[ vue normale ]
| 000 -LEADER | |
|---|---|
| fixed length control field | 01081cam a2200157 4500500 |
| 005 - DATE AND TIME OF LATEST TRANSACTION | |
| control field | 20260222004202.0 |
| 041 ## - LANGUAGE CODE | |
| Language code of text/sound track or separate title | fre |
| 042 ## - AUTHENTICATION CODE | |
| Authentication code | dc |
| 100 10 - MAIN ENTRY--PERSONAL NAME | |
| Personal name | Colin, Jacques |
| Relator term | author |
| 245 00 - TITLE STATEMENT | |
| Title | Le supply chain management existe-t-il réellement ? |
| 260 ## - PUBLICATION, DISTRIBUTION, ETC. | |
| Date of publication, distribution, etc. | 2005.<br/> |
| 500 ## - GENERAL NOTE | |
| General note | 40 |
| 520 ## - SUMMARY, ETC. | |
| Summary, etc. | Issue d’optimisations opérationnelles, la logistique s’est tournée dans les années 1980 vers le pilotage et la gestion des flux physiques de marchandises par des flux virtuels d’informations associées. L’article souligne comment, à partir des années 1990, le management logistique va progressivement s’insérer dans des formes d’organisation plus complexes, aussi bien intra qu’interentreprises, pour devenir le noyau dur d’une démarche véritablement stratégique de management de la supply chain, résolument ouverte sur l’environnement de la firme. |
| 786 0# - DATA SOURCE ENTRY | |
| Note | Revue française de gestion | 156 | 3 | 2005-06-01 | p. 135-149 | 0338-4551 |
| 856 41 - ELECTRONIC LOCATION AND ACCESS | |
| Uniform Resource Identifier | <a href="https://shs.cairn.info/revue-francaise-de-gestion-2005-3-page-135?lang=fr&redirect-ssocas=7080">https://shs.cairn.info/revue-francaise-de-gestion-2005-3-page-135?lang=fr&redirect-ssocas=7080</a> |
Pas d'exemplaire disponible.




Réseaux sociaux